• 首页
  • 本馆介绍
  • 公告通知
  • 最新文献
  • 馆藏检索
  • 电子资源
  • 读者导购
  • 参考咨询
  • 我的图书馆
  • 登录
  • 详细信息显示
  • 放入我的书架
  • 预约/预借图书
  • 作者相关作品
  • 分类相关作品
  • 丛书相关作品
  • 出版社相关作品

书目信息

  • 表格格式
  • 工作单格式
  • 卡片格式
题名:
估值
    
 
作者: 达摩达兰 著 ;刘寅龙 译
分册:  
出版信息: 北京   机械工业出版社  2019.6
页数: 17,652页
开本: 26cm
丛书名: 投资与估值丛书
单 册:
中图分类: F714.1
科图分类:
主题词: 估价--gu jia
电子资源:
ISBN: 978-7-111-62862-0
000 01463oam2 2200337 450
001 2156281499
005 20211012160420.42
010    @a978-7-111-62862-0@dCNY149.00
100    @a20190820d2019 em y0chiy0120 ea
101 1  @achi@ceng
102    @aCN@b110000
105    @ay z 000yy
106    @ar
200 1  @a估值@Agu zhi@e难点、解决方案及相关案例@dThe dark side of valuation@evaluing young, distressed, and complex businesses@f(美)阿斯瓦斯·达莫达兰(Aswath Damodaran)著@g刘寅龙译@zeng
205    @a3版
210    @a北京@c机械工业出版社@d2019.6
215    @a17,652页@d26cm
225 2  @a投资与估值丛书@Atou zi yu gu zhi cong shu
225 2  @a华章经管@Ahua zhang jing guan
305    @a据原书第3版译出 由Pearson Education(培生教育出版集团)授权出版
330    @a本书探讨如何以最合理的方式应对低利率、不稳定的股票风险溢价以及估值的政治风险,并将着重讨论形形色色的难以估值的企业,包括初创企业、陷入财务危机的企业、大宗商品企业和银行等各种复杂的企业。
461  0 @12001 @a投资与估值丛书
461  0 @12001 @a华章经管
510 1  @aThe dark side of valuation@evaluing young, distressed, and complex businesses@zeng
517 1  @a难点、解决方案及相关案例@Anan dian jie jue fang an ji xiang guan an li
606 0  @a估价@Agu jia
690    @aF714.1@v5
701  0 @c(美)@a达摩达兰@Ada ma da lan@c(Damodaran, Aswath@f1957~)@4著
702  0 @a刘寅龙@Aliu yin long@4译
801  0 @aCN@b百万庄@c20211006
905    @b1305594-97@dF714.1@e1185=3@f4
    
    估值:难点、解决方案及相关案例=The dark side of valuation:valuing young, distressed, and complex businesses/(美)阿斯瓦斯·达莫达兰(Aswath Damodaran)著/刘寅龙译.-3版.-北京:机械工业出版社,2019.6
    17,652页;26cm.-(投资与估值丛书).-(华章经管)
    
    
    ISBN 978-7-111-62862-0:CNY149.00
    本书探讨如何以最合理的方式应对低利率、不稳定的股票风险溢价以及估值的政治风险,并将着重讨论形形色色的难以估值的企业,包括初创企业、陷入财务危机的企业、大宗商品企业和银行等各种复杂的企业。
●
相关链接 在E读中查询图书 在五车中查询图书 在当当中查询图书 在豆瓣中查询图书


正题名:估值     索取号:F714.1/1185=3         预约/预借

序号 登录号 条形码 馆藏地/架位号 状态 备注
1 1305594   213055940   第一样本阅览室/ [索取号:F714.1/1185=3] 在馆    
2 1305595   213055959   第一借阅区/ [索取号:F714.1/1185=3] 在馆    
3 1305596   213055968   第一借阅区/ [索取号:F714.1/1185=3] 在馆    
4 1305597   213055977   第一借阅区/ [索取号:F714.1/1185=3] 在馆    
唐山师范学院图书馆 欢迎您!
大连网信软件有限公司© 版权所有